Аудит: учебник

Bibliographic Details
Main Author: Мерзликина Е. М.
Other Authors: Никольская Ю. П.
Summary:Учебник разработан в соответствии с государственным учебным образовательным стандартом по специальности 060500 «Бухгалтерский учет, анализ и аудит». Это третье издание, переработанное и дополненное. Учебник содержит теоретические основы аудита, раскрывает особенности современного российского законодательства в области аудиторской деятельности и бухгалтерского учета. Представлено описание информации, являющейся объектом аудита и создаваемой в процессе его проведения. Рассмотрены технологии общего аудита бухгалтерской финансовой отчетности, освещены цикловой и пообъектный подходы в аудите, представлена методика пообъектного аудита, определены особенности независимого аудита отчетности банков, страховых организаций, товарных и фондовых бирж, некоммерческих организаций. Предназначен для студентов экономических вузов, а также специалистов, проходящих обучение для получения квалификации профессионального бухгалтера и профессионального аудитора.
Language:Russian
Published: Москва, Инфра-М, 2007
Edition:3-е изд., перераб. и доп.
Series:Высшее образование
Subjects:
Format: Book
KOHA link:https://koha.lib.tpu.ru/cgi-bin/koha/opac-detail.pl?biblionumber=110882

MARC

LEADER 00000nam0a2200000 4500
001 110882
005 20231031120611.0
010 |a 9785160024738 
035 |a (RuTPU)RU\TPU\book\119744 
035 |a RU\TPU\book\95123 
090 |a 110882 
100 |a 20070302d2007 m y0rusy50 ca 
101 0 |a rus 
102 |a RU 
105 |a y j 001zy 
200 1 |a Аудит  |e учебник  |f Е. М. Мерзликина, Ю. П. Никольская 
205 |a 3-е изд., перераб. и доп. 
210 |a Москва  |c Инфра-М  |d 2007 
215 |a 368 с. 
225 1 |a Высшее образование 
320 |a Библиография в конце глав. 
330 |a Учебник разработан в соответствии с государственным учебным образовательным стандартом по специальности 060500 «Бухгалтерский учет, анализ и аудит». Это третье издание, переработанное и дополненное. Учебник содержит теоретические основы аудита, раскрывает особенности современного российского законодательства в области аудиторской деятельности и бухгалтерского учета. Представлено описание информации, являющейся объектом аудита и создаваемой в процессе его проведения. Рассмотрены технологии общего аудита бухгалтерской финансовой отчетности, освещены цикловой и пообъектный подходы в аудите, представлена методика пообъектного аудита, определены особенности независимого аудита отчетности банков, страховых организаций, товарных и фондовых бирж, некоммерческих организаций. Предназначен для студентов экономических вузов, а также специалистов, проходящих обучение для получения квалификации профессионального бухгалтера и профессионального аудитора. 
451 1 |0 (RuTPU)RU\TPU\book\95123  |y 5-16-002473-5  |t Аудит  |o учебник  |f Е. М. Мерзликина, Ю. П. Никольская  |e 3-е изд., перераб. и доп.  |c М.  |n Инфра-М  |d 2006  |p 368 с.  |s Высшее образование  |a Мерзликина, Е. М. 
610 1 |a экономика 
610 1 |a бухгалтерский учет 
610 1 |a аудит 
610 1 |a теория 
610 1 |a история 
610 1 |a аудиторская деятельность 
610 1 |a правовое регулирование 
610 1 |a информация 
610 1 |a аудит доказательства 
610 1 |a документирование 
610 1 |a аудит заключения 
610 1 |a качество 
610 1 |a технологии 
610 1 |a учетная политика 
610 1 |a выборочный аудит 
610 1 |a пообъектный аудит 
610 1 |a основные средства 
610 1 |a нематериальные активы 
610 1 |a производственные запасы 
610 1 |a финансовые вложения 
610 1 |a издержки 
610 1 |a финансовые результаты 
610 1 |a финансовая информация 
610 1 |a финансовая отчетность 
610 1 |a бухгалтерская отчетность 
610 1 |a банковский аудит 
610 1 |a страховой аудит 
610 1 |a биржевой аудит 
610 1 |a учебники 
675 |a 657.6(075.8)  |v 3 
700 1 |a Мерзликина  |b Е. М. 
701 1 |a Никольская  |b Ю. П. 
801 1 |a RU  |b 63413507  |c 20051228  |g PSBO 
801 2 |a RU  |b 63413507  |c 20160114  |g PSBO 
900 |a Аудит 
900 |a Бухгалтерский учет и аудит 
942 |c BK 
952 |b 080107  |b 080109 
959 |a 3/20070122  |d 1  |e 109,90  |f АНЛ:1 
959 |a 48/20070816  |d 2  |e 119,90  |f АНЛ:2